Economic development (Record no. 2613)

000 -LEADER
fixed length control field 00554nam a22002177a 4500
001 - CONTROL NUMBER
control field 2613
003 - CONTROL NUMBER IDENTIFIER
control field BD-DhUET
008 - FIXED-LENGTH DATA ELEMENTS--GENERAL INFORMATION
fixed length control field 140928b xxu||||| |||| 00| 0 eng d
020 ## - INTERNATIONAL STANDARD BOOK NUMBER
International Standard Book Number 9788177584868
040 ## - CATALOGING SOURCE
Transcribing agency 0
Modifying agency BD-DhUET
082 ## - DEWEY DECIMAL CLASSIFICATION NUMBER
Classification number 338.9
Item number TOD/2003
100 ## - MAIN ENTRY--PERSONAL NAME
Personal name Todaro, Michael P.
245 ## - TITLE STATEMENT
Title Economic development
250 ## - EDITION STATEMENT
Edition statement 8th ed.
260 ## - PUBLICATION, DISTRIBUTION, ETC. (IMPRINT)
Place of publication, distribution, etc. New Delhi
Name of publisher, distributor, etc. Pearson Education
Date of publication, distribution, etc. 2003
300 ## - PHYSICAL DESCRIPTION
Extent 863 p.
Other physical details ill.
Dimensions 25 cm.
504 ## - BIBLIOGRAPHY, ETC. NOTE
Bibliography, etc Includes bibliographies
650 #0 - SUBJECT ADDED ENTRY--TOPICAL TERM
Topical term or geographic name as entry element Economic development
700 ## - ADDED ENTRY--PERSONAL NAME
Personal name Smith, Stephen C.
942 ## - ADDED ENTRY ELEMENTS (KOHA)
Koha item type General Book
Holdings
Date acquired Shelving location Koha issues (times borrowed) Damaged status Koha out on loan Not for loan Koha item type Koha renewals Koha full call number Source of classification or shelving scheme Sublocation or collection (holding branch) Lost status Location (home branch) Withdrawn status Koha normalized classification for sorting Koha date last seen Koha date last borrowed Copy number Piece designation (barcode) Price effective from
2014-09-28Circulation section3   General Book 338.9/TOD/2003 Central Library, BUET Central Library, BUET 338_900000000000000_TOD_20032024-06-122023-12-0411050332014-09-28
2014-09-28Circulation section    General Book 338.9/TOD/2003 Central Library, BUET Central Library, BUET 338_000000000000000_9TOD20032016-02-06 21017862014-09-28
2014-09-28Circulation section    General Book1338.9/TOD/2003 Central Library, BUET Central Library, BUET 338_000000000000000_9TOD20032016-02-08 31017872014-09-28
2014-09-28Circulation section1 2017-06-28 General Book 338.9/TOD/2003 Central Library, BUET Central Library, BUET 338_900000000000000_TOD_20032016-01-302016-01-3041017882014-09-28
2014-09-28Circulation section    General Book 338.9/TOD/2003 Central Library, BUET Central Library, BUET 338_000000000000000_9TOD20032016-02-06 51017892014-09-28
2015-01-20Circulation section    General Book 338.9/TOD/2003 Central Library, BUET Central Library, BUET 338_900000000000000_TOD_20032015-01-20 61017902015-01-20